000
00299nam a22001337a 4500
008
171017b xxu||||| |||| 00| 0 eng d
020
_a
9789995643270
041
_a
ALB
080
_a
331.262.101
100
_a
52
101
_a
BNJ
245
_a
SJELLJE ORGANIZATIVE
_c
KASIMATI.M
942
_2
udc
_c
BK
999
_c
34306
_d
34306